[Event "DEN-chT 0809"]
[Site "Denmark"]
[Date "2009.01.11"]
[Round "5.6"]
[White "Ligaard, Morten"]
[Black "Pedersen, Finn"]
[Result "0-1"]
[WhiteElo "2192"]
[BlackElo "2312"]
[PlyCount "60"]
[EventDate "2008.11.01"]
[EventType "team-tourn"]
[EventRounds "9"]
[EventCountry "DEN"]
[SourceTitle "EXT 2023"]
[Source "ChessBase"]
[SourceDate "2022.10.05"]
[SourceVersion "1"]
[SourceVersionDate "2022.10.05"]
[SourceQuality "1"]
[WhiteTeam "Bronshoj"]
[BlackTeam "Aarhus/Skolerne"]
[WhiteTeamCountry "DEN"]
[BlackTeamCountry "DEN"]

1. Nf3 d5 2. d4 c6 3. Bf4 Bf5 4. e3 e6 5. Be2 Nf6 6. h3 h6 7. 0-0 Nbd7 8. c4 Be7 9. Nc3 0-0 10. a3 Ne4 11. Nxe4 Bxe4 12. b4 a5 13. Qb3 dxc4 14. Bxc4 Bxf3 15. gxf3 Nb6 16. bxa5 Nxc4 17. Qxc4 Rxa5 18. Rfb1 Qd7 19. Rb6 Bd8 20. Rb3 Rh5 21. Qf1 b5 22. Rc3 Ba5 23. Rc5 Rxc5 24. dxc5 Qd5 25. Bd6 Ra8 26. Qd1 Bc3 27. Rc1 Rxa3 28. Qe2 Ra2 29. Rc2 Ra1+ 30. Kh2 Re1 0-1

[Event "DEN-chT 0708"]
[Site "Denmark"]
[Date "2008.03.02"]
[Round "7.7"]
[White "Mikkelsen, Jakob"]
[Black "Ligaard, Morten"]
[Result "1/2-1/2"]
[WhiteElo "2009"]
[BlackElo "2202"]
[PlyCount "50"]
[EventDate "2007.11.10"]
[EventType "team-tourn"]
[EventRounds "9"]
[EventCountry "DEN"]
[SourceTitle "EXT 2023"]
[Source "ChessBase"]
[SourceDate "2022.10.05"]
[SourceVersion "1"]
[SourceVersionDate "2022.10.05"]
[SourceQuality "1"]
[WhiteTeam "Sydostfyn"]
[BlackTeam "Bronshoj"]
[WhiteTeamCountry "DEN"]
[BlackTeamCountry "DEN"]

1. e4 e5 2. Nc3 Nf6 3. f4 d5 4. fxe5 Nxe4 5. Nf3 Nc6 6. Bb5 Be7 7. Qe2 Nxc3 8. dxc3 0-0 9. Bf4 a6 10. Bd3 f6 11. 0-0-0 fxe5 12. Bxe5 Nxe5 13. Qxe5 Bf6 14. Qg3 c6 15. h4 Re8 16. Ng5 h6 17. Nh7 Be5 18. Qf3 Qd6 19. Rdf1 Bd7 20. g4 Kh8 21. g5 Be6 22. gxh6 gxh6 23. Ng5 Rf8 24. Qh5 Bg8 25. Nf7+ Bxf7 1/2-1/2

[Event "DEN-chT 0506"]
[Site "Denmark"]
[Date "2006.03.19"]
[Round "9.8"]
[White "Danstrup, Niels"]
[Black "Ligaard, Morten"]
[Result "1/2-1/2"]
[WhiteElo "2120"]
[BlackElo "2196"]
[PlyCount "42"]
[EventDate "2005.11.05"]
[EventType "team-tourn"]
[EventRounds "9"]
[EventCountry "DEN"]
[SourceTitle "EXT 2023"]
[Source "ChessBase"]
[SourceDate "2022.10.05"]
[SourceVersion "1"]
[SourceVersionDate "2022.10.05"]
[SourceQuality "1"]
[WhiteTeam "Nordre"]
[BlackTeam "Bronshoj"]
[WhiteTeamCountry "DEN"]
[BlackTeamCountry "DEN"]

1. e4 d5 2. exd5 Nf6 3. d4 Nxd5 4. Nf3 g6 5. Be2 Bg7 6. 0-0 0-0 7. h3 Nc6 8. c4 Nb6 9. Be3 e5 10. dxe5 Nxe5 11. Nxe5 Bxe5 12. Qc1 Na4 13. Nc3 Nxc3 14. bxc3 Qf6 15. Bg5 Qb6 16. Qa3 c6 17. Rad1 Be6 18. Rd2 Rfe8 19. Rfd1 Qc7 20. Qb4 c5 21. Qa3 Kg7 1/2-1/2

[Event "DEN-chT 0506"]
[Site "Denmark"]
[Date "2006.03.18"]
[Round "8.8"]
[White "Ligaard, Morten"]
[Black "Jacobsen, Bo"]
[Result "0-1"]
[WhiteElo "2196"]
[BlackElo "2279"]
[PlyCount "94"]
[EventDate "2005.11.05"]
[EventType "team-tourn"]
[EventRounds "9"]
[EventCountry "DEN"]
[SourceTitle "EXT 2023"]
[Source "ChessBase"]
[SourceDate "2022.10.05"]
[SourceVersion "1"]
[SourceVersionDate "2022.10.05"]
[SourceQuality "1"]
[WhiteTeam "Bronshoj"]
[BlackTeam "Skolerne"]
[WhiteTeamCountry "DEN"]
[BlackTeamCountry "DEN"]

1. d4 Nf6 2. c4 c5 3. e3 g6 4. Nf3 Bg7 5. Nc3 0-0 6. Be2 d6 7. 0-0 Bf5 8. b3 Nc6 9. Bb2 Ne4 10. Nxe4 Bxe4 11. Qd2 a5 12. Rfd1 Qb6 13. dxc5 dxc5 14. Bxg7 Kxg7 15. Qc3+ f6 16. Rd7 Rfd8 17. Rad1 Rxd7 18. Rxd7 a4 19. h3 Bf5 20. Rd2 Kf7 21. Bd3 Qb4 22. Qxb4 Nxb4 23. Bxf5 gxf5 24. a3 Nc6 25. Rb2 Ke6 26. Nd2 Kd6 27. Kf1 axb3 28. Rxb3 Kc7 29. Ke2 h5 30. h4 Ra4 31. Rc3 b6 32. f4 Ra8 33. Kf2 Rd8 34. Nf1 e6 35. Ng3 Rh8 36. e4 fxe4 37. Nxe4 f5 38. Ng3 Na5 39. a4 Kd6 40. Nf1 e5 41. Nd2 exf4 42. Rd3+ Ke6 43. g3 fxg3+ 44. Rxg3 Rd8 45. Ke2 Rd4 46. Rg6+ Kf7 47. Rxb6 Rxd2+ 0-1

[Event "DEN-chT 0506"]
[Site "Denmark"]
[Date "2005.11.06"]
[Round "2.8"]
[White "Bekker Jensen, David"]
[Black "Ligaard, Morten"]
[Result "1-0"]
[WhiteElo "2285"]
[BlackElo "2196"]
[PlyCount "77"]
[EventDate "2005.11.05"]
[EventType "team-tourn"]
[EventRounds "9"]
[EventCountry "DEN"]
[SourceTitle "EXT 2023"]
[Source "ChessBase"]
[SourceDate "2022.10.05"]
[SourceVersion "1"]
[SourceVersionDate "2022.10.05"]
[SourceQuality "1"]
[WhiteTeam "Helsinge"]
[BlackTeam "Bronshoj"]
[WhiteTeamCountry "DEN"]
[BlackTeamCountry "DEN"]

1. d4 d5 2. c4 c6 3. Nc3 e6 4. e3 Bd6 5. Qc2 Nf6 6. Nf3 Nbd7 7. Bd3 dxc4 8. Bxc4 e5 9. 0-0 0-0 10. Bd2 Qe7 11. Bb3 e4 12. Ng5 Bxh2+ 13. Kxh2 Ng4+ 14. Kg1 Qxg5 15. Qxe4 Ndf6 16. Qf4 Qxf4 17. exf4 Be6 18. f3 Bxb3 19. axb3 Nh6 20. g4 Nd7 21. f5 Rfd8 22. Rfe1 Nb6 23. Re7 Rd7 24. Rae1 Kf8 25. Rxd7 Nxd7 26. Ne4 a5 27. b4 a4 28. b5 Re8 29. Bb4+ Kg8 30. Nd6 Rxe1+ 31. Bxe1 cxb5 32. g5 Nxf5 33. Nxf5 Nb6 34. Nd6 Nc4 35. Nxc4 bxc4 36. Bb4 f6 37. gxf6 gxf6 38. Kg2 Kf7 39. d5 1-0

[Event "DEN-chT 0405"]
[Site "Denmark"]
[Date "2005.01.16"]
[Round "4.7"]
[White "Ligaard, Morten"]
[Black "Hansen, Poul Martin"]
[Result "1-0"]
[WhiteElo "2202"]
[BlackElo "1848"]
[PlyCount "141"]
[EventDate "2004.11.06"]
[EventType "team-tourn"]
[EventRounds "7"]
[EventCountry "DEN"]
[SourceTitle "EXT 2023"]
[Source "ChessBase"]
[SourceDate "2022.10.05"]
[SourceVersion "1"]
[SourceVersionDate "2022.10.05"]
[SourceQuality "1"]
[WhiteTeam "Bronshoj"]
[BlackTeam "Foroyar"]
[WhiteTeamCountry "DEN"]
[BlackTeamCountry "DEN"]

1. d4 d5 2. c4 c6 3. Nc3 Nf6 4. Nf3 Bf5 5. cxd5 cxd5 6. Qb3 Qb6 7. Nxd5 Nxd5 8. Qxd5 e6 9. Qb3 Nc6 10. Qxb6 axb6 11. Bd2 Nb4 12. Bxb4 Bxb4+ 13. Kd1 0-0 14. Ne5 f6 15. Nd3 Bxd3 16. exd3 Rfd8 17. a3 Rxd4 18. Be2 Bc5 19. Kc2 Rd7 20. f4 Rc8 21. Kd2 Bd4 22. Rab1 Rdc7 23. Bd1 g6 24. Bb3 Kg7 25. Rhe1 e5 26. fxe5 fxe5 27. a4 Rf8 28. Bc4 Rf2+ 29. Re2 e4 30. Rbe1 e3+ 31. Kc2 Rc5 32. b4 Rcf5 33. Be6 Rf6 34. Bd5 Rxe2+ 35. Rxe2 Rf2 36. Kd1 Rf1+ 37. Re1 Rf2 38. Re2 Rf1+ 39. Kc2 Ra1 40. Kb3 Kf6 41. Bxb7 Ke5 42. Bf3 Rb1+ 43. Kc4 Rc1+ 44. Kb5 g5 45. Ra2 Kf4 46. a5 bxa5 47. bxa5 g4 48. Be2 h5 49. a6 Ba7 50. Ra4+ Ke5 51. Ra2 Kd4 52. h3 gxh3 53. gxh3 Rc5+ 54. Kb4 Rf5 55. Ra4 Rf2 56. Kb3+ Kd5 57. Bxh5 e2 58. Re4 Rf6 59. Bxe2 Rxa6 60. Bf3 Kd6 61. h4 Ra1 62. h5 Rf1 63. Bg4 Rg1 64. Bf5 Rg5 65. Bg6 Kd5 66. Ra4 Bc5 67. Be4+ Ke6 68. h6 Rh5 69. Ra5 Kd6 70. h7 Rh4 71. Kc4 1-0

[Event "Internet Section 09A g/8'+2\""]
[Site "Dos Hermanas"]
[Date "2004.03.09"]
[Round "1"]
[White "Medina Colindres, Javier"]
[Black "Ligaard, Morten"]
[Result "0-1"]
[WhiteElo "2200"]
[BlackElo "2253"]
[PlyCount "104"]
[EventDate "2004.03.09"]
[EventType "swiss (blitz)"]
[EventRounds "9"]
[EventCountry "ESP"]
[SourceTitle "CBM 099 Extra"]
[Source "ChessBase"]
[SourceDate "2004.05.04"]
[SourceVersion "1"]
[SourceVersionDate "2004.05.04"]
[SourceQuality "1"]

1. e4 d5 2. exd5 Nf6 3. d3 Nxd5 4. Bd2 g6 5. Nc3 Bg7 6. Nxd5 Qxd5 7. Bc3 Bxc3+ 8. bxc3 0-0 9. c4 Qe5+ 10. Be2 Bg4 11. f3 Bf5 12. g4 Qc3+ 13. Kf1 Be6 14. Nh3 Qf6 15. Nf2 Nc6 16. Kg2 Nd4 17. h4 Bd7 18. Ne4 Qf4 19. c3 Ne6 20. Qd2 f5 21. Qxf4 Nxf4+ 22. Kf2 fxe4 23. dxe4 Be6 24. Ke3 Nxe2 25. Kxe2 Bxc4+ 26. Ke3 Rad8 27. Rad1 Rd6 28. Rxd6 cxd6 29. f4 Rc8 30. h5 Bxa2 31. hxg6 hxg6 32. Kd4 Rc4+ 33. Kd3 Ra4 34. Rh2 Bc4+ 35. Ke3 b5 36. Rb2 Ra2 37. Rb4 a5 38. Rb1 a4 39. e5 dxe5 40. fxe5 a3 41. Kd4 Rb2 42. Rd1 a2 43. Kc5 Rb1 44. Rd8+ Kf7 45. g5 a1Q 46. Rh8 Qxc3 47. Rh7+ Ke8 48. Rh8+ Kd7 49. Kb6 Qd4+ 50. Ka6 Ra1+ 51. Kb7 Ra7+ 52. Kb8 Qb6# 0-1

[Event "Nordic-chB"]
[Site "Aarhus"]
[Date "2004.02.28"]
[Round "7"]
[White "Husted, Peter"]
[Black "Ligaard, Morten"]
[Result "1/2-1/2"]
[WhiteElo "2197"]
[BlackElo "2253"]
[PlyCount "52"]
[EventDate "2003.02.23"]
[EventType "swiss"]
[EventRounds "7"]
[EventCountry "DEN"]
[SourceTitle "EXT 2008"]
[Source "ChessBase"]
[SourceDate "2007.11.25"]
[SourceVersion "1"]
[SourceVersionDate "2007.11.25"]
[SourceQuality "1"]

1. e4 e5 2. Nf3 Nc6 3. Bb5 f5 4. Nc3 fxe4 5. Nxe4 Nf6 6. Qe2 d5 7. Nxf6+ gxf6 8. d4 Bg7 9. dxe5 0-0 10. Bxc6 bxc6 11. e6 Re8 12. 0-0 Qd6 13. Be3 c5 14. Qd2 Bxe6 15. c3 a5 16. Rfe1 a4 17. Nh4 Bf8 18. Bh6 Rab8 19. Bxf8 Qxf8 20. Re3 Kh8 21. Rae1 Qf7 22. a3 Bd7 23. g3 Rxe3 24. Rxe3 Rd8 25. Ng2 Bf5 26. Nf4 d4 1/2-1/2

[Event "Holdenturnier div3 G2 9900"]
[Site "Denmark"]
[Date "1999.??.??"]
[Round "2"]
[White "Ligaard, Morten"]
[Black "Norby, Peter H"]
[Result "1/2-1/2"]
[WhiteElo "2253"]
[BlackElo "2310"]
[PlyCount "33"]
[EventDate "1999.11.07"]
[EventType "team"]
[EventRounds "3"]
[EventCountry "DEN"]
[SourceTitle "EXT 2002"]
[Source "ChessBase"]
[SourceDate "2001.11.25"]
[SourceVersion "1"]
[SourceVersionDate "2001.11.25"]
[SourceQuality "1"]

1. d4 Nf6 2. Nf3 c5 3. d5 d6 4. Nc3 e5 5. e4 Be7 6. Be2 Nbd7 7. 0-0 Nf8 8. Ne1 Ng6 9. Be3 0-0 10. a3 Nd7 11. Qd2 a6 12. a4 b6 13. Nd3 Qc7 14. Bg4 Nf6 15. Bxc8 Raxc8 16. g3 Qd7 17. f3 1/2-1/2

[Event "Politiken Cup 18th"]
[Site "Copenhagen"]
[Date "1996.??.??"]
[Round "5"]
[White "Ligaard, Morten"]
[Black "Tonning, Erik"]
[Result "0-1"]
[WhiteElo "2210"]
[BlackElo "2220"]
[PlyCount "58"]
[EventDate "1996.06.??"]
[EventType "swiss"]
[EventRounds "11"]
[EventCountry "DEN"]
[SourceTitle "CBM 054 Extra"]
[Source "ChessBase"]
[SourceDate "1996.11.01"]
[SourceVersion "1"]
[SourceVersionDate "1996.11.01"]
[SourceQuality "1"]

1. d4 Nf6 2. Nf3 g6 3. c4 c5 4. d5 b5 5. cxb5 a6 6. e3 Bg7 7. Nc3 e6 8. a4 exd5 9. Nxd5 Bb7 10. Nxf6+ Qxf6 11. Bc4 0-0 12. Ra3 axb5 13. Bd5 b4 14. Bxb7 bxa3 15. Bxa8 a2 16. Bd2 Qxb2 17. 0-0 a1Q 18. Qxa1 Qxa1 19. Rxa1 Bxa1 20. a5 c4 21. Bb7 c3 22. Bc1 Bb2 23. Bxb2 cxb2 24. Nd2 Nc6 25. a6 Na5 26. Be4 Nc6 27. Kf1 Ra8 28. Nc4 Rxa6 29. Nxb2 Ra1+ 0-1

[Event "DEN-ch qual"]
[Site "Denmark"]
[Date "1996.??.??"]
[Round "1"]
[White "Ochsner, Thomas"]
[Black "Ligaard, Morten"]
[Result "1/2-1/2"]
[WhiteElo "2300"]
[BlackElo "2210"]
[PlyCount "94"]
[EventDate "1996.??.??"]
[EventType "swiss"]
[EventRounds "7"]
[EventCountry "DEN"]
[SourceTitle "CBM 051 Extra"]
[Source "ChessBase"]
[SourceDate "1996.05.01"]
[SourceVersion "1"]
[SourceVersionDate "1996.05.01"]
[SourceQuality "1"]

1. e4 e5 2. Nf3 Nc6 3. Bb5 f5 4. Nc3 fxe4 5. Nxe4 Nf6 6. Qe2 d5 7. Nxf6+ gxf6 8. d4 Bg7 9. dxe5 0-0 10. Bxc6 bxc6 11. e6 Re8 12. 0-0 c5 13. Qb5 Bf8 14. Bf4 Bxe6 15. b3 Bd6 16. Bxd6 Qxd6 17. Rfe1 Kh8 18. Qd3 c6 19. Re2 Bg4 20. Rae1 Rxe2 21. Rxe2 Qf4 22. Re7 Bf5 23. Qc3 Be4 24. Ne1 Qd6 25. Rf7 d4 26. Qg3 Qxg3 27. hxg3 a5 28. a4 Rb8 29. Kf1 c4 30. bxc4 Rb4 31. f3 Bg6 32. Rxf6 Rxc4 33. Ke2 Bxc2 34. Nxc2 Rxc2+ 35. Kd3 Rxg2 36. g4 Ra2 37. Rxc6 Rxa4 38. f4 Rb4 39. Rc8+ Kg7 40. Rc7+ Kg6 41. Rc6+ Kg7 42. g5 a4 43. Ra6 Kf7 44. f5 Rb5 45. Ke4 d3 46. Rxa4 d2 47. Ra7+ Ke8 1/2-1/2

[Event "Politiken Cup 18th"]
[Site "Copenhagen"]
[Date "1996.??.??"]
[Round "2"]
[White "Stuart, E Leslie"]
[Black "Ligaard, Morten"]
[Result "0-1"]
[WhiteElo "2050"]
[BlackElo "2210"]
[PlyCount "96"]
[EventDate "1996.06.??"]
[EventType "swiss"]
[EventRounds "11"]
[EventCountry "DEN"]
[SourceTitle "CBM 054 Extra"]
[Source "ChessBase"]
[SourceDate "1996.11.01"]
[SourceVersion "1"]
[SourceVersionDate "1996.11.01"]
[SourceQuality "1"]

1. d4 d5 2. Nf3 c6 3. e3 e6 4. Nbd2 Nd7 5. Bd3 Bd6 6. e4 c5 7. exd5 exd5 8. 0-0 Ne7 9. c3 0-0 10. Re1 Nc6 11. Nf1 h6 12. Ne3 Nf6 13. Nf5 Bxf5 14. Bxf5 Re8 15. Rxe8+ Qxe8 16. Be3 c4 17. b3 b5 18. bxc4 bxc4 19. Rb1 Rb8 20. Nd2 Qd8 21. g3 Qa5 22. Rxb8+ Bxb8 23. Qb1 Qb6 24. Qxb6 axb6 25. a4 Kf8 26. Kf1 Bd6 27. Ke1 Ke7 28. Kd1 Kd8 29. Nb1 Ne7 30. Bh3 Kc7 31. Bc1 Kb7 32. f3 Ka6 33. Ba3 Bxa3 34. Nxa3 Ka5 35. Nb5 Kxa4 36. Nd6 b5 37. Bf5 Nxf5 38. Nxf5 Kb3 39. Kd2 Ne8 40. Ne3 Nc7 41. Nc2 Na8 42. Nb4 Nb6 43. h4 g6 44. g4 g5 45. h5 f6 46. Na6 Na4 47. Nc5+ Kb2 48. Nd7 b4 0-1